Loading...
| History - European | 0 | 3 | 1 | 0 | 25 | 71 | 105.33 | 3 | 3 | 0.00 | 0.00 |
| Other | 0 | 2 | 0 | 1 | 20 | 80 | 101.50 | 2 | 2 | 0.00 | 0.00 |
| Social Science | 0 | 2 | 1 | 0 | 15 | 80 | 82.00 | 1 | 2 | 0.00 | 0.00 |
| Fine Arts - Other | 0 | 1 | 0 | 1 | 10 | 137 | 137.00 | 0 | 1 | 0.00 | 0.00 |
| History - World | 0 | 1 | 0 | 1 | 10 | 132 | 132.00 | 0 | 1 | 0.00 | 0.00 |
| Fine Arts - Painting & Sculpture | 0 | 1 | 0 | 0 | 10 | 132 | 132.00 | 0 | 1 | 0.00 | 0.00 |
| History - Other | 0 | 1 | 0 | 0 | 10 | 91 | 91.00 | 0 | 1 | 0.00 | 0.00 |
| Literature - British | 0 | 0 | 0 | 0 | 0 | 0.00 | 0 | 0 | 0.00 | 0.00 | |
| Science - Physics | 0 | 0 | 1 | 0 | -5 | 0.00 | 0 | 0 | 0.00 | 0.00 |